Tajemství úspěchu managera : Předvídání uspěchu vedoucích pracovníků. Co musíte udělat pro úspěch pracovníků vrcholného managementu /

Gespeichert in:
Bibliographische Detailangaben
1. Verfasser: Sorcher, Melvin (Verfasst von)
Weitere Verfasser: Bursíková, Dana (Übersetzung)
Format: Buch
Sprache:Tschechisch
Veröffentlicht: Praha : Victoria Publishing, a.s, 1992
Schlagworte:
Tags: Tag hinzufügen
Keine Tags, Fügen Sie das erste Tag hinzu!

MARC

LEADER 00000nam a22000003a 4500
001 stu45459
005 20150617225715.5
008 960814s1992----cs------------------cze-d
020 |a 80-85605-10-4 
040 |a STU  |b slo 
041 0 |a cze 
044 |a cs 
080 |a 658.3/.5 
080 |a 174.4 
100 1 |a Sorcher, Melvin  |4 aut 
245 1 |a Tajemství úspěchu managera :  |b Předvídání uspěchu vedoucích pracovníků. Co musíte udělat pro úspěch pracovníků vrcholného managementu /  |c [aut.]Melvin Sorcher; Z amer. Dana Bursíková 
260 |a Praha :  |b Victoria Publishing, a.s,  |c 1992 
300 |a 305 s 
650 7 |a Management  |2 estusub 
650 7 |a úspech  |2 stusub 
700 1 |a Bursíková, Dana  |4 trl 
996 |b 284J016859  |c J*89725  |l JJSK  |s A  |a 24  |w stu45459_0001 
996 |b 284M087892  |c M*9378-1  |l MMKN  |s A  |a 24  |w stu45459_0002